| 000 | 00787nam a2200241 a 4500 | ||
|---|---|---|---|
| 001 | 000020052 | ||
| 005 | 20200929170238.0 | ||
| 008 | 100717s1960 sp 001 d spa d | ||
| 040 |
_aDO-SdBNP _bspa _cBNPHU |
||
| 082 |
_a862.5 _bB456c |
||
| 100 | 1 |
_aBenavente, Jacinto, _d1866-1954 _95362 |
|
| 245 | 1 | 0 |
_aCampo de armiño / _cJacinto Benavente. |
| 260 |
_aMadrid : _bEspasa-Calpe, _c1960. |
||
| 300 |
_a227 p. ; _c18 cm. |
||
| 490 | 1 |
_aAustral. Violeta: teatro y poesía _v1293 |
|
| 500 | _aIncluye índice de autores. | ||
| 650 | 4 |
_aTeatro español _93071 |
|
| 650 | 4 |
_aLiteratura española _9632 |
|
| 740 | 3 | 2 | _aLa ciudad alegre y confiada: segunda parte de "los intereses creados" |
| 830 | 0 |
_aAustral. _pVioleta: teatro y poesía ; _v1293 _939559 |
|
| 910 | _aWM | ||
| 049 | _aBNGR | ||
| 999 |
_c19560 _d19560 |
||